[Event "SD-2014-0-00186"]
[Site "LSS email"]
[Date "2014.01.28"]
[Round "?"]
[White "Glowinski, Daniel"]
[Black "Bastos, Marco"]
[Result "1-0"]
[WhiteElo "1495"]
[BlackElo "1563"]
[PlyCount "29"]
[EventDate "2013.12.22"]
[EventType "tourn (corr)"]
[EventRounds "6"]
[EventCountry "GER"]
[SourceTitle "Corr 2022"]
[Source "ChessBase"]
[SourceDate "2021.10.24"]
[SourceVersion "1"]
[SourceVersionDate "2021.10.24"]
[SourceQuality "1"]

1. d4 Nf6 2. Nf3 e6 3. g3 b6 4. Bg2 Ba6 5. 0-0 d5 6. Ne5 Be7 7. c4 0-0 8. Nc3 c6 9. cxd5 cxd5 10. Bf4 Nh5 11. Bd2 Nf6 12. Rc1 Bb7 13. Qa4 a6 14. Bg5 b5 15. Qd1 1-0

[Event "BI-2010-F-00012"]
[Site "LSS email"]
[Date "2011.02.21"]
[Round "?"]
[White "Hillebrand, Carsten"]
[Black "Bastos, Marco"]
[Result "1-0"]
[WhiteElo "1669"]
[BlackElo "1505"]
[PlyCount "39"]
[EventDate "2011.02.24"]
[EventType "tourn (corr)"]
[EventRounds "10"]
[EventCountry "GER"]
[SourceTitle "Telechess CBM 151"]
[Source "ChessBase"]
[SourceDate "2012.11.13"]
[SourceVersion "1"]
[SourceVersionDate "2012.11.13"]
[SourceQuality "1"]

1. c4 e5 2. g3 Nf6 3. Bg2 c6 4. d4 exd4 5. Qxd4 d5 6. Nf3 Be7 7. 0-0 0-0 8. cxd5 cxd5 9. Nc3 Nc6 10. Qa4 Qb6 11. Qb5 d4 12. Qxb6 axb6 13. Nb5 Rd8 14. Rd1 Bc5 15. Nc7 Ra7 16. Bg5 Bf5 17. Ne1 Be7 18. Nb5 Raa8 19. Bf4 Ne8 20. Nd3 1-0

[Event "BI-2010-F-00012"]
[Site "LSS email"]
[Date "2011.02.21"]
[Round "?"]
[White "Lanin, Boris Aleksandrovic"]
[Black "Bastos, Marco"]
[Result "1-0"]
[WhiteElo "1898"]
[BlackElo "1505"]
[PlyCount "33"]
[EventDate "2011.02.24"]
[EventType "tourn (corr)"]
[EventRounds "10"]
[EventCountry "GER"]
[SourceTitle "Corr 2015"]
[Source "ChessBase"]
[SourceDate "2015.07.17"]
[SourceVersion "1"]
[SourceVersionDate "2015.07.17"]
[SourceQuality "1"]

1. Nf3 Nf6 2. g3 d5 3. Bg2 c6 4. 0-0 Bf5 5. d3 e6 6. Nbd2 h6 7. Qe1 Be7 8. e4 Bh7 9. Qe2 0-0 10. e5 Nfd7 11. Re1 Qc7 12. Nf1 c5 13. h4 Nc6 14. Bf4 Bg6 15. Ne3 Qb6 16. b3 Rfd8 17. Qd2 1-0

[Event "BI-2010-F-00012"]
[Site "LSS email"]
[Date "2011.02.21"]
[Round "?"]
[White "Soreghy, Janos"]
[Black "Bastos, Marco"]
[Result "1-0"]
[WhiteElo "1907"]
[BlackElo "1505"]
[PlyCount "81"]
[EventDate "2011.02.24"]
[EventType "tourn (corr)"]
[EventRounds "10"]
[EventCountry "GER"]
[SourceTitle "Telechess CBM 151"]
[Source "ChessBase"]
[SourceDate "2012.11.13"]
[SourceVersion "1"]
[SourceVersionDate "2012.11.13"]
[SourceQuality "1"]

1. d4 Nf6 2. c4 e6 3. Nf3 d6 4. Nc3 Be7 5. g3 0-0 6. Bg2 b6 7. 0-0 Bb7 8. Re1 c5 9. d5 Na6 10. e4 Nc7 11. Qd3 exd5 12. exd5 b5 13. b3 Re8 14. Bb2 b4 15. Nd1 Bc8 16. a3 bxa3 17. Rxa3 Nd7 18. Nc3 Bf6 19. Rxe8+ Nxe8 20. Qc2 Nb8 21. Nd2 Na6 22. Nde4 Be5 23. Qd2 Nb4 24. Nd1 Bxb2 25. Nxb2 Bf5 26. Ra1 h6 27. Re1 Nf6 28. Nd1 a6 29. Ndc3 Rb8 30. Bf3 Bg6 31. h4 Kf8 32. Re3 Ne8 33. h5 Bh7 34. g4 Qh4 35. Re2 Rb7 36. Qf4 Rd7 37. Rd2 Re7 38. Rd1 Kg8 39. Kg2 Rd7 40. Rh1 Qe7 41. g5 1-0

[Event "LSS BI-2010-P-00006"]
[Site "LSS email"]
[Date "2010.04.19"]
[Round "?"]
[White "Bastos, Marco"]
[Black "Stadler, Pavel"]
[Result "1/2-1/2"]
[WhiteElo "1569"]
[BlackElo "1150"]
[PlyCount "120"]
[EventDate "2010.04.22"]
[EventType "tourn (corr)"]
[EventRounds "10"]
[EventCountry "GER"]
[SourceTitle "Telechess CBM 141"]
[Source "ChessBase"]
[SourceDate "2011.03.17"]
[SourceVersion "1"]
[SourceVersionDate "2011.03.17"]
[SourceQuality "1"]

1. e4 c5 2. Nf3 d6 3. d4 cxd4 4. Nxd4 Nf6 5. Nc3 a6 6. Be3 e5 7. Nb3 Be6 8. Qd2 Be7 9. f3 0-0 10. 0-0-0 Nbd7 11. g4 b5 12. Rg1 b4 13. Nd5 Bxd5 14. exd5 a5 15. g5 Nh5 16. Kb1 Rb8 17. Nc1 a4 18. Rg4 Nf4 19. Bxf4 exf4 20. h4 a3 21. b3 f6 22. Nd3 Ne5 23. Nxe5 fxe5 24. c4 Qb6 25. Re1 g6 26. Re4 Rf7 27. Bd3 Rg7 28. Rg2 Bd8 29. Qc2 Qc5 30. Re1 Be7 31. Be4 Rf8 32. Qe2 Kf7 33. Rh1 Ke8 34. Rgh2 Kd7 35. Qc2 Kc7 36. Rg2 Kb6 37. Qd3 Bd8 38. Rc1 Ka5 39. Rd1 Kb6 40. Re1 Ka5 41. Rh1 Kb6 42. Re1 Ka5 43. Qd1 Rfg8 44. Ree2 Bb6 45. Re1 Qc8 46. Rh1 Qc5 47. Qc2 Qc7 48. Qd3 Be3 49. Qc2 Qe7 50. Rg4 Qf7 51. Bd3 Bd4 52. Be4 Be3 53. Rh2 Bd4 54. Rgg2 Qe7 55. Rh3 Be3 56. Re2 Bd4 57. Qd3 Qf7 58. Rhh2 Bc5 59. Qd1 Bd4 60. Rc2 Bc5 1/2-1/2

[Event "LSS BI-2010-P-00006"]
[Site "LSS email"]
[Date "2010.04.19"]
[Round "?"]
[White "Bastos, Marco"]
[Black "Wosch, Arkadiusz Janusz"]
[Result "0-1"]
[WhiteElo "1581"]
[BlackElo "2274"]
[PlyCount "86"]
[EventDate "2010.04.22"]
[EventType "tourn (corr)"]
[EventRounds "10"]
[EventCountry "GER"]
[SourceTitle "Telechess CBM 141"]
[Source "ChessBase"]
[SourceDate "2011.03.17"]
[SourceVersion "1"]
[SourceVersionDate "2011.03.17"]
[SourceQuality "1"]

1. d4 Nf6 2. c4 e6 3. Nf3 d5 4. g3 Be7 5. Bg2 0-0 6. 0-0 dxc4 7. Nc3 Nbd7 8. e4 c6 9. Bf4 b5 10. d5 Qb6 11. Nd4 cxd5 12. exd5 e5 13. d6 Bxd6 14. Nf5 Rb8 15. Qxd6 Qxd6 16. Nxd6 exf4 17. Ncxb5 fxg3 18. hxg3 Ne5 19. Nxc8 Rfxc8 20. Nd6 Rc5 21. Rad1 g6 22. Rd2 c3 23. bxc3 Rxc3 24. Rfd1 Kg7 25. Re1 Nfg4 26. Rde2 Nd3 27. Ne4 Ra3 28. Ra1 h5 29. f3 Nge5 30. Kf1 Rb2 31. Bh1 Rxe2 32. Kxe2 Nb4 33. Nd6 Nc2 34. Rd1 Rxa2 35. Ne8+ Kf8 36. Nd6 Nd4+ 37. Ke3 Ne2 38. g4 h4 39. g5 Ng3 40. Kf4 Re2 41. Ne4 Nxh1 42. Rxh1 Nd3+ 43. Kg4 Rxe4+ 0-1

[Event "LSS BI-2010-P-00006"]
[Site "LSS email"]
[Date "2010.04.19"]
[Round "?"]
[White "Jokmin, Guido"]
[Black "Bastos, Marco"]
[Result "0-1"]
[WhiteElo "566"]
[BlackElo "1586"]
[PlyCount "30"]
[EventDate "2010.04.22"]
[EventType "tourn (corr)"]
[EventRounds "10"]
[EventCountry "GER"]
[SourceTitle "Corr 2015"]
[Source "ChessBase"]
[SourceDate "2015.07.17"]
[SourceVersion "1"]
[SourceVersionDate "2015.07.17"]
[SourceQuality "1"]

1. e4 c5 2. d4 cxd4 3. c3 g6 4. Nf3 Bg7 5. Bc4 e6 6. cxd4 Ne7 7. 0-0 0-0 8. Nc3 a6 9. Qe2 d5 10. exd5 Nxd5 11. Nxd5 exd5 12. Bb3 Nc6 13. Qc2 Bg4 14. Ng5 Nxd4 15. Qd2 h6 0-1

[Event "LSS BI-2010-P-00006"]
[Site "LSS email"]
[Date "2010.04.19"]
[Round "?"]
[White "Trani, Francesco"]
[Black "Bastos, Marco"]
[Result "1/2-1/2"]
[WhiteElo "1788"]
[BlackElo "1586"]
[PlyCount "139"]
[EventDate "2010.04.22"]
[EventType "tourn (corr)"]
[EventRounds "10"]
[EventCountry "GER"]
[SourceTitle "Telechess CBM 145"]
[Source "Chessbase"]
[SourceDate "2011.11.11"]
[SourceVersion "1"]
[SourceVersionDate "2011.11.11"]
[SourceQuality "1"]

1. e4 c5 2. Nc3 d6 3. f4 Nf6 4. Nf3 a6 5. d4 cxd4 6. Nxd4 e6 7. Qf3 Qc7 8. g4 b5 9. g5 Nfd7 10. a3 Bb7 11. Be3 Nc6 12. 0-0-0 Be7 13. Nxc6 Qxc6 14. f5 Ne5 15. Qf4 exf5 16. Bg2 Ng6 17. Qxf5 Bc8 18. Qd5 Bb7 19. Qxc6+ Bxc6 20. h4 Ne5 21. Nd5 Bxd5 22. Rxd5 f6 23. Bh3 Rf8 24. Kb1 Nc6 25. Rdd1 Ne5 26. Be6 Rb8 27. Rhf1 Nc4 28. Bc1 Rb6 29. b3 Ne5 30. Bd2 Rc6 31. Bd5 Rc7 32. Ba5 Ra7 33. Rh1 Rd7 34. Rdf1 Rh8 35. Bd2 Rc7 36. Be6 Rf8 37. Rh3 Ng6 38. Bf5 fxg5 39. hxg5 Ne5 40. Rxh7 g6 41. Bh3 Nf3 42. Bc1 Rc5 43. Bg2 Nxg5 44. Rxf8+ Kxf8 45. Rh8+ Kf7 46. Ra8 Ne6 47. Rxa6 Nd4 48. Bf1 Rxc2 49. Be3 Rh2 50. Bxd4 Rh1 51. Rb6 Rxf1+ 52. Kc2 Rf4 53. Rxb5 Rxe4 54. Kd3 Re1 55. a4 Rd1+ 56. Kc4 Ke6 57. a5 d5+ 58. Kc3 Bh4 59. Bc5 Be1+ 60. Kb2 d4 61. Bb4 Bxb4 62. Rxb4 Rd2+ 63. Ka3 Rd1 64. Kb2 Kd5 65. Rb5+ Kc6 66. Rg5 Rh1 67. b4 Rh5 68. Rxg6+ Kb5 69. Rb6+ Kc4 70. a6 1/2-1/2

[Event "LSS SD-2009-0-00034"]
[Site "LSS email"]
[Date "2009.07.26"]
[Round "?"]
[White "Bastos, Marco"]
[Black "Garmatz, Walter Eduardo Zenk"]
[Result "1/2-1/2"]
[WhiteElo "1564"]
[BlackElo "1439"]
[PlyCount "54"]
[EventDate "2009.05.21"]
[EventType "tourn (corr)"]
[EventRounds "6"]
[EventCountry "GER"]
[SourceTitle "Telechess CBM 137"]
[Source "ChessBase"]
[SourceDate "2010.07.15"]
[SourceVersion "1"]
[SourceVersionDate "2010.07.15"]
[SourceQuality "1"]

1. e4 e5 2. Nf3 Nc6 3. Bb5 a6 4. Ba4 Nf6 5. 0-0 b5 6. Bb3 Be7 7. Re1 d6 8. c3 0-0 9. h3 Na5 10. Bc2 c5 11. d4 Qc7 12. Nbd2 Bb7 13. d5 c4 14. Nf1 h6 15. b3 Bc8 16. b4 Nb7 17. Ng3 a5 18. a3 axb4 19. cxb4 Nd8 20. Nf5 Nh7 21. h4 Re8 22. g3 Bf8 23. Nh2 f6 24. Qf3 Nf7 25. Qc3 Bd7 26. Bb2 Rec8 27. Re2 Qb6 1/2-1/2

[Event "LSS SD-2009-0-00034"]
[Site "LSS email"]
[Date "2009.07.23"]
[Round "?"]
[White "Bastos, Marco"]
[Black "Padilla, Jesus"]
[Result "1-0"]
[WhiteElo "1564"]
[BlackElo "1451"]
[PlyCount "57"]
[EventDate "2009.05.21"]
[EventType "tourn (corr)"]
[EventRounds "6"]
[EventCountry "GER"]
[SourceTitle "Telechess CBM 137"]
[Source "ChessBase"]
[SourceDate "2010.07.15"]
[SourceVersion "1"]
[SourceVersionDate "2010.07.15"]
[SourceQuality "1"]

1. d4 d5 2. c4 e6 3. Nf3 Nf6 4. Nc3 Be7 5. g3 0-0 6. Bg2 b6 7. 0-0 Bb7 8. Qc2 dxc4 9. Rd1 Nc6 10. a3 Na5 11. e4 Nb3 12. Rb1 Nxc1 13. Rbxc1 a6 14. Qe2 b5 15. e5 Ng4 16. d5 Nh6 17. dxe6 Qe8 18. exf7+ Nxf7 19. Nd5 Bc5 20. Nxc7 Qc8 21. Nxa8 Qxa8 22. e6 Nd6 23. e7 Re8 24. Rxd6 Bxd6 25. Qe6+ Kh8 26. Qxd6 Bxf3 27. Bxf3 Qxf3 28. Rd1 Qe4 29. Qd8 1-0

[Event "LSS SD-2009-0-00034"]
[Site "LSS email"]
[Date "2009.07.23"]
[Round "?"]
[White "Bastos, Marco"]
[Black "Stuart, Keith"]
[Result "1-0"]
[WhiteElo "1569"]
[BlackElo "1195"]
[PlyCount "63"]
[EventDate "2009.05.21"]
[EventType "tourn (corr)"]
[EventRounds "6"]
[EventCountry "GER"]
[SourceTitle "Corr 2013"]
[Source "ChessBase"]
[SourceDate "2012.11.12"]
[SourceVersion "1"]
[SourceVersionDate "2012.11.12"]
[SourceQuality "1"]
[WhiteTeam "US of America"]
[BlackTeam "US of America"]
[WhiteTeamCountry "USA"]
[BlackTeamCountry "USA"]

1. e4 e5 2. Nf3 Nc6 3. Bb5 d6 4. 0-0 Bd7 5. c3 Nf6 6. d4 exd4 7. cxd4 Nxe4 8. Re1 d5 9. Nfd2 Ne7 10. Bxd7+ Qxd7 11. Nxe4 dxe4 12. Rxe4 Rd8 13. Nc3 c6 14. Qe2 f6 15. Qc4 g6 16. Be3 f5 17. Re6 h6 18. Rf6 Nd5 19. Re1 Nxf6 20. Bg5+ Qe7 21. Rxe7+ Bxe7 22. Bxf6 Bxf6 23. Qe6+ Be7 24. Qxg6+ Kd7 25. Qxf5+ Kc7 26. Ne4 Kb6 27. Kf1 Rd5 28. Qg6 Bh4 29. Qg7 Re8 30. Nc3 Rf5 31. g3 Be7 32. d5 1-0

[Event "CFriend AP-2004-Q-00006 email"]
[Site "Chessfriend.com"]
[Date "2004.02.19"]
[Round "?"]
[White "Bastos, Marco"]
[Black "Buchholz, Otto"]
[Result "1-0"]
[WhiteElo "1700"]
[BlackElo "1700"]
[PlyCount "33"]
[EventDate "2004.??.??"]
[EventType "tourn (corr)"]
[EventRounds "12"]
[SourceTitle "Corr 2008"]
[Source "ChessBase"]
[SourceDate "2008.06.24"]
[SourceVersion "1"]
[SourceVersionDate "2008.06.24"]
[SourceQuality "1"]

1. e4 c6 2. Nf3 d5 3. e5 Bg4 4. d4 e6 5. c3 Nd7 6. Bf4 Qb6 7. b4 a5 8. Qb3 Bxf3 9. gxf3 axb4 10. Be2 bxc3 11. Qxb6 Nxb6 12. Nxc3 Bb4 13. Bd2 Na4 14. Nxa4 Bxd2+ 15. Kxd2 Rxa4 16. Ke3 Ne7 17. Bd3 1-0

[Event "CFriend AP-2004-Q-00006 email"]
[Site "Chessfriend.com"]
[Date "2004.02.19"]
[Round "?"]
[White "Schiff, Armin"]
[Black "Bastos, Marco"]
[Result "1-0"]
[WhiteElo "1855"]
[BlackElo "1700"]
[PlyCount "87"]
[EventDate "2004.??.??"]
[EventType "tourn (corr)"]
[EventRounds "12"]
[SourceTitle "Corr 2008"]
[Source "ChessBase"]
[SourceDate "2008.06.24"]
[SourceVersion "1"]
[SourceVersionDate "2008.06.24"]
[SourceQuality "1"]

1. e4 c5 2. Nf3 Nc6 3. d3 d6 4. g3 g6 5. Bg2 Bg7 6. 0-0 Nf6 7. c3 Bg4 8. Nbd2 Ne5 9. Qc2 Nxf3+ 10. Nxf3 Bxf3 11. Bxf3 e5 12. Be3 Qc7 13. Rfd1 0-0 14. Qd2 Qc6 15. h4 h5 16. Bh6 Rad8 17. c4 Ne8 18. Bg2 Qd7 19. Be3 b6 20. Kh2 Qc7 21. Qe2 Qe7 22. Rf1 Nf6 23. Bg5 Rde8 24. Bh3 Qb7 25. Rab1 Kh7 26. a3 Qc6 27. b4 Nd7 28. b5 Qb7 29. a4 Nf6 30. Rb2 Qc7 31. Ra1 Qb7 32. a5 Ng4+ 33. Bxg4 hxg4 34. Qxg4 d5 35. axb6 axb6 36. Rba2 dxe4 37. Ra7 f5 38. Rxb7 fxg4 39. Raa7 Rxf2+ 40. Kg1 Rf3 41. Rxg7+ Kh8 42. Rh7+ Kg8 43. Rag7+ Kf8 44. Bh6 1-0

[Event "CFriend AP-2004-Q-00006 email"]
[Site "Chessfriend.com"]
[Date "2004.02.19"]
[Round "?"]
[White "Schiller, Wilfried"]
[Black "Bastos, Marco"]
[Result "1-0"]
[WhiteElo "2288"]
[BlackElo "1700"]
[PlyCount "41"]
[EventDate "2004.??.??"]
[EventType "tourn (corr)"]
[EventRounds "12"]
[SourceTitle "Corr 2008"]
[Source "ChessBase"]
[SourceDate "2008.06.24"]
[SourceVersion "1"]
[SourceVersionDate "2008.06.24"]
[SourceQuality "1"]

1. d4 f5 2. g3 e6 3. c4 c6 4. Bg2 d5 5. Nf3 Nf6 6. 0-0 a6 7. Bg5 Be7 8. e3 0-0 9. Nc3 Nbd7 10. Ne2 Nh5 11. Bxe7 Qxe7 12. Rc1 dxc4 13. Ne5 Nb6 14. Qc2 Bd7 15. b3 cxb3 16. Qxb3 Nd5 17. Qxb7 Nhf6 18. Nxd7 Qxd7 19. Qxd7 Nxd7 20. Rxc6 Rfe8 21. Rxe6 1-0